Mitos y recuerdo /
Guardado en:
| Autor Principal: | |
|---|---|
| Formato: | Libro |
| Publicado: |
Buenos Aires :
Alfaguara,
2008
|
| Edición: | 2a. reimp. |
| Series: | Alfaguara Juvenil
|
| Materias: | |
| Etiquetas: |
Agregar Etiqueta
Sin Etiquetas, Sea el primero en etiquetar este registro!
|
| LEADER | 00703nam a22002295a 4500 | ||
|---|---|---|---|
| 001 | CEM.cems013831 | ||
| 005 | 20130403165033.0 | ||
| 008 | 130507s2008##################000#0#####d | ||
| 003 | CEMS | ||
| 020 | |a 9789870406969 | ||
| 082 | 0 | 4 | |a A868.4 |
| 100 | 1 | |a Birmajer, Marcelo | |
| 245 | 1 | 0 | |a Mitos y recuerdo / |c Marcelo Birmajer ; ilustrado Por Alberto Pez |
| 250 | |a 2a. reimp. | ||
| 260 | |a Buenos Aires : |b Alfaguara, |c 2008 | ||
| 300 | |a 80 p. | ||
| 490 | 0 | |a Alfaguara Juvenil | |
| 653 | |a Literatura arentina | ||
| 653 | |a Literatura juevnil | ||
| 653 | |a Cuentos | ||
| 859 | |a CEMS |b BIB. CEMS - 11 de abril |h A868.4 |i B537-2 |p 26624.13 |t Ej.1 | ||
| 859 | |a CEMS |b BIB. CEMS - 11 de abril |h A868.4 |i B537-2 |p 27920.19 |t Ej.2 | ||
